| 000 | 01010nam a2200193Ii 4500 | ||
|---|---|---|---|
| 003 | JO-AjNU | ||
| 008 | 230605s9999||||xx |||||||||||||| ||und|| | ||
| 040 |
_aJO-AjNU _bara _erda _cJO-AjNU |
||
| 041 | _aara | ||
| 050 | 1 | 4 | _aHC415.25.M34.2004 |
| 100 | 3 |
_aمكحول،باسم/نصر عطياني؛التحرير اللغوي عبدالرحمن ابو شمالة(عربي)،كارن مان(انجليزي)؛ترجمة الملخص الانجليزي سمير محمود, _eauthor _97328 |
|
| 245 | 0 | 0 | _aهيكل التكاليف واقتصاديات الحجم في الصناعات الفلسطينية واثرهما على القدرة التنافسية |
| 264 | 3 | 1 | _aرام الله:معهد ابحاث السياسات الاقتصادية الفلسطيني(ماس)،2004 |
| 300 | _a90ص | ||
| 336 |
_atext _btxt _2rdacontent |
||
| 337 |
_aunmediated _bn _2rdamedia |
||
| 338 |
_avolume _bnc _2rdacarrier |
||
| 650 | 4 |
_aاحوال اقتصادية-سياسة اقتصادية-صناعات-فلسطين _97329 |
|
| 999 |
_aA224 _c3792 _d3792 |
||